000 00834nam a2200253 i 4500
001 54783
003 ES-MaACL
005 20240224063104.0
007 t|
008 040114s2002 sp ||||0| spa d
020 _a84-397-0934-X
080 _a327.5(569.4)"1993/..."
100 0 _aSaid, Edward W.,
_d1935-2003
_9101485
245 1 0 _aNuevas crónicas palestinas
_b: el fin del proceso de paz /
_cEdward W. Said ; traducción de Francisco Ramos.
250 _aNueva ed. rev. y amp. (1995-2002).
260 _aBarcelona :
_bMondadori,
_c2002.
300 _a350 p :
_bmapas ;
_c23 cm.
490 1 _aArena abierta
650 1 4 _aConflicto árabe-israelí-
_y1993-
_xPaz.
_911269
700 1 _aRamos, Francisco.
_995257
830 1 _aArena abierta
_9182223
852 _aES-MaACL
_jL-26811
999 _c54783
_d54783